|
|
|
|
| LEADER |
00000nas a22000001i 4500 |
| 001 |
ssj0012488 |
| 003 |
WaSeSS |
| 005 |
20200512172242.0 |
| 006 |
m d |
| 007 |
cr n |
| 008 |
750726c19389999caumr p s 0 a0eng c |
| 010 |
|
|
|a 43040230
|z sn 78005884
|z sn 95000002
|z sn 97050141
|
| 022 |
|
|
|l 0002-2500
|y 0002-2500
|
| 035 |
|
|
|a (WaSeSS)ssj0012488
|
| 040 |
|
|
|a MUL
|b eng
|c MUL
|d COO
|d NSD
|d OCL
|d NSD
|d MUL
|d AIP
|d NSD
|d AIP
|d NST
|d AIP
|d NST
|d AIP
|d NST
|d DLC
|d NST
|d NSD
|d WAU
|d DLC
|d OCL
|d MSA
|d UMC
|d WAU
|d OCL
|d WAU
|d OCLCQ
|d DLC
|d OCLCQ
|d OCLCF
|d OCLCO
|d CUS
|d OCLCQ
|d WaSeSS
|
| 042 |
|
|
|a nsdp
|a pcc
|
| 050 |
0 |
0 |
|a TL501
|b .A5539
|
| 082 |
0 |
4 |
|a 629.1305
|
| 210 |
0 |
|
|a Air prog.
|
| 222 |
|
0 |
|a Air progress
|
| 245 |
0 |
0 |
|a Air progress
|h [electronic resource].
|
| 246 |
1 |
|
|i Issues for Oct. 1995-July 1996 have title:
|a Air progress affordable flying
|
| 260 |
|
|
|a Canoga Park, CA :
|b Challenge Publications
|
| 310 |
|
|
|a Monthly,
|b Jan. 1943-Oct. 1996
|
| 321 |
|
|
|a Annual,
|b 1938-42
|
| 321 |
|
|
|a Quarterly,
|b July-Oct. 1942
|
| 362 |
1 |
|
|a Began with v. 1, published in 1938.
|
| 500 |
|
|
|a Published: New York, N.Y. : Street & Smith Publications, Inc., 1938- ; Condé Nast, <1963>-71; Petersen, 1971-<75>.
|
| 506 |
|
|
|a License restrictions may limit access.
|
| 515 |
|
|
|a Vol. 57, no. 8-9 omitted in numbering.
|
| 515 |
|
|
|a Vol. 58, no. 6,8,9,11, and 12 not published.
|
| 580 |
|
|
|a Annual issues consist of material selected from: Air trails (later called Air trails pictorial).
|
| 588 |
|
|
|a Description based on: Jan. 1995; title from cover.
|
| 650 |
|
0 |
|a Aeronautics
|v Periodicals.
|
| 650 |
|
0 |
|a Aeronautics
|x Economic aspects
|v Periodicals.
|
| 650 |
|
7 |
|a Aeronautics.
|2 fast
|0 (OCoLC)fst00798293
|
| 650 |
|
7 |
|a Aeronautics
|x Economic aspects.
|2 fast
|0 (OCoLC)fst00798324
|
| 655 |
|
0 |
|a Electronic journals.
|
| 730 |
0 |
|
|a Air trails (New York, N.Y. : 1937)
|
| 730 |
0 |
|
|a Air trails pictorial (New York, N.Y. : 1942)
|
| 780 |
0 |
5 |
|t Sport flying
|x 0038-7878
|w (DLC) 76643974
|w (OCoLC)2292316
|
| 787 |
1 |
|
|t Air trails (New York, N.Y. : 1937)
|w (OCoLC)10467376
|
| 787 |
1 |
|
|t Air trails pictorial (New York, N.Y. : 1942)
|w (OCoLC)6363683
|
| 787 |
1 |
|
|t Air progress military airpower
|x 0886-3857
|w (DLC) 87641598
|w (OCoLC)12898389
|
| 850 |
|
|
|a AAP
|a AzU
|a CU-A
|a DLC
|a IaU
|a MdU
|a MoKL
|a MoKU
|a NN
|a NcRS
|a WaU
|
| 856 |
4 |
0 |
|z Full text available from Research Library: 10/01/1995 to 06/30/1997
|u https://search.proquest.com/publication/34405
|